Quizzes
Events
Quiz Creation
Community
Videos
Private Events
Remove Ads
Sign In
Join for FREE
Feedback
Dark Mode
Quiz Categories
Sports
Geography
Music
Movies
Television
Just For Fun
Miscellaneous
History
Literature
Language
Science
Gaming
Entertainment
Religion
Holiday
For Kids
Quiz Lab
Recent
Popular Today
Quiz Kudos Today
Editor Picks
Curator Picks
Quizzes by...
Day
Popularity
Type
Ratings
Length
Year
Community
Subscriptions
Recent Discussions
Orange Saloon
Badges
Playlists
Quests
Create
Leaderboards
Showdown
Live 5
Trivia Bingo
Activity
Puzzle Library
Sporcle Events
Private Events
Virtual Trivia
Globe League
Become a Host
Pub Owners
SporcleCon
Opinionation
Our Games
Videos
Blog
Mobile Apps
Partnerships
Remove Ads and Go Orange
Feedback
Language
Vocabulary
Begins and Ends
Definition
Spanish
French
German
Italian
Chinese
Latin
Translation
Japanese
Language
Vocabulary
Begins and Ends
Definition
Spanish
French
German
Italian
Chinese
Latin
Translation
Japanese
Random Quiz
Search Sporcle
×
Quiz Lab
Quiz Lab
Language
Chapter
Type in answers that appear in a list
Type in answers that appear in a list
Classic
Best Score? Go Orange.
Chapter 8 Stats
Can you name the Chapter 8
By
WCSPANISH1
20m
50 Questions
4,923 Plays
4,923 Plays
4,923 Plays
Comments
Comments
Give Quiz Kudos
Give Quiz Kudos
-
- Ratings
hide this ad
Replay
Link that replays current quiz
Next Quiz
Link to next quiz in quiz playlist
You Got
0%
They Got
Avg Score
63%
Avg Friend Score
Upgrade to see
Score Distribution
Jump to the score distribution portion of the page
Score
0/50
Timer
20:00
0
Plays Today
Ingles
Espanol
% Correct
hair
pelo
87.4%
eyes
ojos
86.5%
head
cabeza
84.3%
nose
nariz
83%
mouth
boca
82.7%
throat
garganta
76.8%
stomach
estomago
75.9%
hands
manos
75.5%
arms
brazos
75.3%
knees
rodillas
74%
doctor
medico
74%
fingers
dedos
72.7%
ears
oidos
72.6%
health
salud
72.3%
neck
cuello
71.4%
chest
pecho
70.9%
to sell
vender
70.5%
pharmacy
farmacia
70.3%
fever
fiebre
69.8%
legs
piernas
69.4%
cough
tos
68.7%
sad
triste
68.6%
to believe
creer
68.6%
pain
dolor
67.8%
nervous
nervioso
66.8%
Ingles
Espanol
% Correct
to hurt, to be painful to
doler
66.7%
sick
enfermo
66.2%
to open
abrir
64.7%
body
cuerpo
64.5%
medicine
medicina
64.5%
flu
gripe
62.1%
calm, chill
tranquilo
59.6%
tired
cansado
59.3%
I am working
Yo estoy trabajando
56.6%
perscription
receta
55.7%
She is eating
Ella esta comiendo
53.4%
pills
pastillas
53.1%
to stay in bed
guardar cama
50.7%
chills
escalofrios
48.6%
They are writing
Ellos estan escribiendo
48.4%
What hurts you?
Que te duele
47.3%
Everything hurts me
Me duele todo
46.6%
She knows a lot
Ella sabe mucho
45.6%
We are serving
Nosotros estamos sirviendo
43.4%
My throat hurts
Me duele la garganta
43.3%
You know Cleveland
Tu conoces Cleveland
42.4%
I know my cousin
Yo conozco a mi primo
41%
She knows me
Ella me conoce
38.9%
Are you sleeping?
Tu estas durmiendo
38.4%
His arms hurt
A el le duelen los brazos
36.4%
Quiz Playlist
Details
Report
Send in Message
Add To Playlist
Classic:
Type in answers that appear in a list
Last Updated: Feb 16, 2017
Quiz Scoreboard
CHALLENGE
Sign Up to Join the Scoreboard
Show All
Scores
Hide
Comments
May contain spoilers
Recently Published
1-10 Letter E Words III
by El_Dandy
Language
2m
One Thing in Common: World Cities II
by knightlancer
Geography
7m
Popular People in 1961
by mucciniale
History
6m
More to Explore
Quiz From the Vault
Featured Blog Post
Where Did the Easter Bunny Come From?
hide this ad
You Might Also Like...
Tags
Chapter
Chapter 8
Español
Ingle
Today's Top Quizzes in Language
Browse Language
hide this ad
Today's Top Quizzes in Chapter
Browse Chapter
Top Contributed Quizzes in Language
1
Order Up: Top 10 Most Native Spoken Languages
2
1-10 Letter F Words III
3
1-10 Letter G Words III
4
Hiragana Speed Reading
5
1-10 Letter H Words III
6
Vocabulary 5
7
One Thing in Common: Italy
8
1-10 Letter I Words III
9
Begins and Ends With AN
10
1-10 Letter J Words III
Explore More
Trending Topics
Marvel
Anime
Kpop
Harry Potter
Crossword
NBA
Disney
Puzzle
Pokémon
Country
NFL
WWE
Soccer
The Office
Song
hide this ad
More By:
WCSPANISH1
Quiz
Plays
Rating
Category
Featured
Created
Chapter 1
5,017
2.11
Language
Aug 22, 2013
Chapter 9
4,946
1.83
Language
Feb 17, 2014
Chapter 8
4,923
1.83
Language
Jan 15, 2014
Chapter 2
4,319
3.00
Language
Sep 10, 2013
Chapter 5
4,050
Language
Oct 30, 2013
Go to Creator's Profile
Score Distribution
Quiz Creator Spotlight
WCSPANISH1
Follow
Send a Message
Quizzes Created
-
Created Quiz Play Count
-
More By This Creator
Popular Quizzes Today
1
Find the US States - No Outlines Minefield
2
The Countries of the World
3
Popular People in 1961
4
Find the Countries of Europe - No Outlines Minefield
5
1-10 Letter E Words III
6
Find the US States
7
One Thing in Common: World Cities II
8
US States
More Language Quizzes
Two-Letter Scrabble Words by Score
Published
Trending Quizzes
1-10 Letter F Words
One Thing in Common: Music
1-10 Letter G Words
Risky Map Clicking: Next State Alphabetically
1-10 Letter F Words II
Recently Updated
Leaping Animals
pecheneg
Reality TV Shows (A-Z)
bhenderson79
Rickey Henderson's Hall of Fame Teammates
pecheneg
Champions League XIs: Arsenal
pecheneg
Quick Pick: Celebrities in WWE's Hall of Fame
aduchscher
A-Z Keypad Blitz II
pecheneg
Multiple Oscar Actors
pecheneg
Mystery Phrase Blitz: Oscar 'Best Actors'
pecheneg
F. Scott Fitzgerald Novels
LTH
Pick 3 Villains
ddd62291
Trending Topics
Disney
Marvel
Harry Potter
Crossword
Kpop
Anime
NBA
NFL
The Office
Puzzle
Pokémon
WWE
Song
Country
Soccer
Your Account Isn't Verified!
In order to create a playlist on Sporcle, you need to verify the email address you used during registration. Go to your
Sporcle Settings
to finish the process.
Report this User
Report this user for behavior that violates our
Community Guidelines
.
Details:
Send Report
Go to the Sporcle.com Mobile Site →
Comments